|
|
|
|
| LEADER |
00933nab a2200241 i 4500 |
| 001 |
misc65148 |
| 005 |
20230512115404.0 |
| 008 |
230329s1955 hu o 0|| rus d |
| 040 |
|
|
|a SZTE Miscellanea Repozitórium
|b hun
|
| 041 |
|
|
|a rus
|
| 100 |
1 |
|
|a Ubrâtova Elizaveta Ivanovna
|
| 245 |
1 |
0 |
|a Sergej Efimovič Malov
|h [elektronikus dokumentum] :
|b k 75-letiû so dnâ roždeniâ /
|c Ubrâtova Elizaveta Ivanovna
|
| 260 |
|
|
|c 1955
|
| 300 |
|
|
|a 93-98
|c 26 cm
|
| 300 |
|
|
|a [6] p., 1 t.
|c 26 cm
|
| 490 |
0 |
|
|a Izvestiâ Akademii Nauk SSSR : Otdelenie literatury i âzyka
|
| 561 |
|
|
|a Németh Gyula hagyaték
|
| 591 |
|
|
|a NOA 6225
|
| 650 |
|
4 |
|a Bölcsészettudományok
|
| 650 |
|
4 |
|a Történettudomány és régészet
|
| 650 |
|
4 |
|a Nyelvek és irodalom
|
| 695 |
|
|
|a Sergey Efimovič Malov, Turkológia - Oroszország - 20. sz. - kutatástörténet
|
| 856 |
4 |
0 |
|u http://misc.bibl.u-szeged.hu/65148/1/6225_noa.pdf
|z Dokumentum-elérés
|